000 00721nam a2200217 i 4500
001 bg
100 1 _aPODGÓRSKI, Karol.
245 1 0 _aSamorząd powiatowy :
_bpraktyczny komentarz do ustawy z dnia 5 czerwca 1998 r. /
_cKarol Podgórski, Czesław Martysz.
250 _aStan prawny na dzień 30 września 1998 r.
260 _aKatowice ;
_aZielona Góra :
_bZachodnie Cenrum Edukacji,
_c1998.
300 _a221 s. ;
_c21 cm.
650 9 _aSamorząd terytorialny
_xprawo
_zPolska
_ystan na 1998 r.
700 1 _aMARTYSZ, Czesław.
020 _a8387161926
040 _cBPK
041 0 _apl
080 _a342.25:352/353](438)
920 _a83-87161-92-6
942 _cKS
008 s pl f |000 0 pol
999 _c34133
_d34133
856 _uhttp://koha.tu.koszalin.pl/cgi-bin/koha/opac-detail.pl?biblionumber=34133
_yKatalog online BPK